Statistics for Top 20 Busiest Australian Airports

Click here to take the quiz!

General Stats

  • This quiz has been taken 143 times
  • The average score is 14 of 20

Answer Stats

Total Revenue Passengers (Approx.)Answer% Correct
12,720,000Perth
100%
39,020,000Sydney
100%
31,930,000Melbourne
99%
21,920,000Brisbane
97%
7,670,000Adelaide
96%
2,060,000Darwin
94%
2,800,000Canberra
89%
5,860,000Gold Coast
89%
2,190,000Hobart
86%
4,390,000Cairns
83%
583,000Alice Springs
75%
1,140,000Newcastle
72%
1,500,000Townsville
68%
847,000Sunshine Coast
61%
1,270,000Launceston
52%
928,000Mackay
49%
935,000Rockhampton
46%
494,000Hamilton Island
13%
471,000Port Hedland
13%
660,000Karratha
8%

Score Distribution

Percentile by Number Answered

Percent of People with Each Score

Your Score History

You have not taken this quiz